| 000 | 00800nam a22001577a 4500 | ||
|---|---|---|---|
| 003 | OSt | ||
| 005 | 20150927111254.0 | ||
| 008 | 150927b xxu||||| |||| 00| 0 eng d | ||
| 040 | _cRUA | ||
| 082 | _aATM.Sp DIE 2003 B058 Or.1 | ||
| 100 |
_91412 _aDIEP, PISETH. |
||
| 245 | _aRice seed multiplication program of community based rural development project (CBRDP) cooperated with farmers in kompong thom province, កម្មវិធីពង្រីកគ្រាប់ពូជស្រូវរបស់គំរោងអភិវឌ្ឍន៍សហគមន៍ំមូលដ្ឋានជនបទ សហការជាមួយកសិករ នៅក្នុងខេត្តកំពង់ធំ | ||
| 260 |
_aPhnom Penh _bRUA _c2003 |
||
| 300 |
_a58p. _bill. _c29cm. |
||
| 942 |
_2ddc _cATMSP |
||
| 999 |
_c1327 _d1327 |
||